LIBRARY & INFORMATION CENTRE, KCAET, TAVANUR

ONLINE PUBLIC ACCESS CATALOGUE (OPAC)

Basic electrical engineering (Record no. 13897)

MARC details
000 -LEADER
fixed length control field 00336nam a22001337a 4500
003 - CONTROL NUMBER IDENTIFIER
control field OSt
008 - FIXED-LENGTH DATA ELEMENTS--GENERAL INFORMATION
fixed length control field 250130b |||||||| |||| 00| 0 eng d
020 ## - INTERNATIONAL STANDARD BOOK NUMBER
ISBN 9788177229998
082 ## - DEWEY DECIMAL CLASSIFICATION NUMBER
Classification number 621.3
Item number GAI/BA
100 ## - MAIN ENTRY--AUTHOR NAME
Personal name Gaikwad, Sunil T
245 ## - TITLE STATEMENT
Title Basic electrical engineering
260 ## - PUBLICATION, DISTRIBUTION, ETC. (IMPRINT)
Place of publication New Delhi
Name of publisher Dreamtech Press
Year of publication 2012
942 ## - ADDED ENTRY ELEMENTS (KOHA)
Koha item type Books
Holdings
Withdrawn status Lost status Damaged status Collection code Home library Current library Shelving location Date acquired Source of acquisition Cost, normal purchase price Full call number Accession Number Koha item type
      Non-fiction KAUAET KAUAET General Stacks 30/03/2013 Calicut Book Distributors 349.00 621.3 GAI/BA 23710 Books
free website counter